000 00584nam a2200217Ia 4500
003 OSt
005 20220928140533.0
006 a|||||r|||| 00| 0
007 ta
008 220927b |||||||| |||| 00| 0 eng d
024 _a9228
037 _cTextual
040 _aSDCL
_cSDCL
_beng
041 _2eng
_aeng
082 _aO-,3K89:g(Y15), M4
100 _aGoldberg Rita
_9495748
245 0 _aSex in enlightenment
_b Women in Richardson and Diderot.
260 _c1984
942 _hO-,3K89:g(Y15), M4
_cTEXL
_2CC
999 _c811976
_d811976